Khí thải động cơ và ô nhiễm môi trường
Sự hình thành các chất độc hại trong khí thải động cơ. Tác động tương hỗ giữa khí thải và môi trường. Thử nghiệm công nhận kiểu về khí thải động cơ. Những biện pháp công nghệ để giảm độc hại trong khí thải động cơ. Kiểm soát khí t...
Uloženo v:
| Hlavní autor: | |
|---|---|
| Médium: | Kniha |
| Jazyk: | Undetermined |
| Vydáno: |
H.
KH & KT
2009
|
| Témata: | |
| On-line přístup: | http://lrc.tdmu.edu.vn/opac/search/detail.asp?aID=2&ID=7579 |
| Tagy: |
Přidat tag
Žádné tagy, Buďte první, kdo otaguje tento záznam!
|
| Thư viện lưu trữ: | Trung tâm Học liệu Trường Đại học Thủ Dầu Một |
|---|
| LEADER | 01085nam a2200205Ia 4500 | ||
|---|---|---|---|
| 001 | TDMU_7579 | ||
| 008 | 210410s9999 xx 000 0 und d | ||
| 082 | |a 621.43028 | ||
| 090 | |b PH104 | ||
| 100 | |a Phạm, Minh Tuấn | ||
| 245 | 0 | |a Khí thải động cơ và ô nhiễm môi trường | |
| 245 | 0 | |c Phạm Minh Tuấn | |
| 260 | |a H. | ||
| 260 | |b KH & KT | ||
| 260 | |c 2009 | ||
| 300 | |a 76tr | ||
| 520 | |a Sự hình thành các chất độc hại trong khí thải động cơ. Tác động tương hỗ giữa khí thải và môi trường. Thử nghiệm công nhận kiểu về khí thải động cơ. Những biện pháp công nghệ để giảm độc hại trong khí thải động cơ. Kiểm soát khí thải động cơ | ||
| 650 | |a Công nghệ; Khí thải; Kiểm soát; Ô nhiễm môi trường; Động cơ | ||
| 856 | |u http://lrc.tdmu.edu.vn/opac/search/detail.asp?aID=2&ID=7579 | ||
| 980 | |a Trung tâm Học liệu Trường Đại học Thủ Dầu Một | ||